000 00967nas a2200253Ia 4500
001 R142/C6783
003 IT-RoPAU
008 151124c99999999xx |||||||||||| ||und||
040 _aIT-RoPAU
040 _cIT-RoPAU
041 _aFRANCESE
100 _aPerriault Jacques
_gCodice Aut. SPICS: 2701
210 _aRESEAUX
222 _aReseaux
245 _aRESEAUX, N.067 (SETTEMBRE/OTTOBRE 1994)
_bAcquisition Et la Construction De Connaissances Par Les Jeux Informatises (L')
250 _a1a ed.
260 _aPARIS
_bCNET
_c1994
501 _bPaulus - SPICS - Società San Paolo EM (non-commercial uses only)
_cCopyright2015
300 _a14 p. [57-70]
362 _aN.067 (SETTEMBRE/OTTOBRE 1994)
500 _aAcquisizione e Formazione di Conoscenze Tramite i Giochi Informatici. Abilità Acquisite. Rappresentazione Dello Spazio. Scoperta per Induzione. Socializzazione Cognitiva.
650 _aCOMUNICAZIONE
_vPUBBLICAZIONE PERIODICA
942 _cCR
999 _c193204
_d193204